|
|
|
|
| LEADER |
00000cam a22000004a 4500 |
| 020 |
|
|
|a 9781847873552 (set)
|
| 040 |
|
|
|a MUL
|b eng
|e AACR
|
| 082 |
0 |
0 |
|a 658.4012 COR
|
| 245 |
0 |
0 |
|a Corporate strategy /
|c edited by Jeffrey A. Krug.
|
| 260 |
|
|
|a Los Angeles :
|b Sage,
|c 2009.
|
| 300 |
|
|
|a vol. 1 : xxxvii, 369 p. ; vol. 2 : vi, 378 p. ; vol. 3: vi, 377 p. :
|b ill. ;
|c 25 cm.
|
| 504 |
|
|
|a Includes bibliographical references.
|
| 505 |
0 |
|
|a v. 1. Corporate strategy -- v. 2. Diversification and growth of the firm -- v. 3. Strategy, structure, and leadership.
|
| 650 |
|
0 |
|a Strategic planning.
|
| 650 |
|
0 |
|a Business planning.
|
| 700 |
1 |
|
|a Krug, Jeffrey A.
|d 1959-
|
| 942 |
|
|
|c BK
|
| 999 |
|
|
|c 5209
|d 5209
|